Statystyki dla NAJPOPULARNIEJSI RAPERZY NA ŚWIECIE

Kliknij tutaj aby rozwiązać quiz!

Ogólne statystyki

  • Ten quiz został rozwiązany 68 razy
  • Średni wynik to 6 z 15

Statystyki odpowiedzi

SpotifyRaper% Poprawnych
49,3BDrake
82%
25,0BKanye West
75%
20,3BTravis Scott
73%
30,2BEminem
64%
21,3BXXXTENTACION
49%
17,2BKendrick Lamar
45%
22,7BJuice WRLD
42%
9B21
36%
12,7BLil uzi Vert
35%
14,4BJ. Cole
24%
15,2BFuture
22%
14,4BNicki Minaj
15%
9,2BLil Baby
11%
11,2BDoja cat
9%
9,1BDababy
5%

Rozkład punktacji

Percentyl według liczby udzielonych odpowiedzi

Procent ludzi z każdym wynikiem

Twoja historia wyników

Nie rozwiązałeś tego quizu